00234nam a2200097Ia 4500008004100000082001500041100001700056245002500073260001800098600002000116241002s9999 xx 000 0 und d a332.46 EIN aEinzig, Paul 0aHow money is managed aLondon:c1954 aSocial Sciences